Letters Minefield: Countries of the Americas Quiz Stats

Quiz Updated Jun 21, 2016

Challenge
Share
Tweet
Embed
Score 0/15 Timer 01:00
15 Plays Today
% Correct
???
96.7%
???
95.3%
???
91.9%
???
84.6%
???
83.2%
???
83.1%
???
81%
???
80.8%
% Correct
???
73.4%
???
72.5%
???
67%
???
65.4%
???
63%
???
57.2%
???
53.8%

You're not logged in!

Compare scores with friends on all Sporcle quizzes.
Sign Up with Email
OR
Log In

You Might Also Like...

Show Comments

Extras

Top Quizzes Today


Score Distribution

Your Account Isn't Verified!

In order to create a playlist on Sporcle, you need to verify the email address you used during registration. Go to your Sporcle Settings to finish the process.

Report this User

Report this user for behavior that violates our Community Guidelines.

Details: